00936nam a2200253 i 4500001000300000100002800003245006100031260004200092300004100134490007200175504003400247650002600281830006000307020001500367040000800382041001100390080003900401920001800440942000700458008004100465999001700506856009800523952006100621bg1 aSZAŁEK, Benon Zbigniew10aZarys heurystyki logistycznej /cBenon Zbigniew Szałek. aSzczecin :bWydaw. Naukowe US,c1994. a174, [1] s. :brys., wykr. ;c24 cm.1 aRozprawy i Studia / Uniwersytet Szczeciński,x0860-2751 ;vt. 169 aBibliogr. s. 154-174. - Summ. 9aLogistyka gospodarcza 0aRozprawy i Studia (Uniwersytet Szczeciński) ;vt. 169 a838579864X cBPK0 aplben a656:658.1/.5:658.6/.8:681.322/.324 a83-85798-64-X cKS s pl f |000 0 pol  c30511d30511 uhttp://koha.tu.koszalin.pl/cgi-bin/koha/opac-detail.pl?biblionumber=30511yKatalog online BPK 00104070aBPKbBPKcwo37266p01359886s2021-04-15yKS